Представление документа в формате RUSMARC

ПолеНазваниеЗначение
  Тип записи a
  Библиографический уровень m
001 Контрольный номер RU/SLIB/B/208762446
005 Дата корректировки 20221219151246.7
010 Индекс ISBN __
d Цена 600-00
101 Язык документа 0_
a Язык текста rus
200 Заглавие и сведения об ответственности 1_
a Заглавие Избранные произведения
f Первые сведения об ответственности И. Л. Андронников
b Общее обозначение материала Текст
h Номер части Т. 2
210 Выходные данные 1_
a Место издания М.
c Издательство Худож. лит.
d Дата издания 1975
215 Физическое описание __
a Объем 368 с., [8] л. ил.
606 Тематические рубрики __
a Основная рубрика Художественная литература
606 Тематические рубрики __
a Основная рубрика Русская литература XX в. (произведения)
606 Тематические рубрики __
a Основная рубрика Литературоведение
606 Тематические рубрики __
a Основная рубрика Русская литература XX в.
606 Тематические рубрики __
a Основная рубрика Изобразительное искусство и архитектура
606 Тематические рубрики __
a Основная рубрика Общие вопросы искусства
610 Ключевые слова 0_
a Ключевые слова проза
686 Индексы других классификаций __
a Классификационный индекс 84(2Рос=Рус)6-4
686 Индексы других классификаций __
a Классификационный индекс 83.3(2)
686 Индексы других классификаций __
a Классификационный индекс 85
700 Автор _1
a Фамилия Андроников
b Имя И. Л.
4 Код отношения 070
801 Источник записи _0
a Страна RU
b Организация Муниципальное бюджетное учреждение культуры "Централизованная библиотечная система" г. Сургут (Центральная городская библиотека им. А. С. Пушкина)
g Правила каталогизации КиК/Михайлова
801 Источник записи _1
a Страна RU
b Организация Муниципальное бюджетное учреждение культуры "Централизованная библиотечная система" г. Сургут (Центральная городская библиотека им. А. С. Пушкина)
g Правила каталогизации КиК/Михайлова
852 Данные о местонахождении __
j Шифр хранения 84(2Рос=Рус)6-4
c Каталожный индекс 84(2Рос=Рус)6-4; 83.3(2); 85
i Авторский знак А 66
p Инвентарный номер 53438
901 Тип документа __
t Тип документа m
990 Данные о заказе (DOS) __
j Количество экземпляров (DOS) 1
t N записи в КСУ для И/У (DOS) 199501